<?xml version="1.0" encoding="UTF-8"?>
<record
    xmlns:xsi="http://www.w3.org/2001/XMLSchema-instance"
    xsi:schemaLocation="http://www.loc.gov/MARC21/slim http://www.loc.gov/standards/marcxml/schema/MARC21slim.xsd"
    xmlns="http://www.loc.gov/MARC21/slim">

  <leader>01195cam a2200277   4500</leader>
  <controlfield tag="001">ne 68002643 </controlfield>
  <controlfield tag="003">DLC</controlfield>
  <controlfield tag="005">20260227111844.0</controlfield>
  <controlfield tag="008">930225m19609999ir h     b    000 0 ara  </controlfield>
  <datafield tag="010" ind1=" " ind2=" ">
    <subfield code="a">ne 68002643 </subfield>
  </datafield>
  <datafield tag="035" ind1=" " ind2=" ">
    <subfield code="a">(CStRLIN)DCLN93-B77</subfield>
  </datafield>
  <datafield tag="040" ind1=" " ind2=" ">
    <subfield code="a">DLC-R</subfield>
    <subfield code="c">DLC-R</subfield>
    <subfield code="d">DLC</subfield>
  </datafield>
  <datafield tag="050" ind1="0" ind2="0">
    <subfield code="a">BP77.69</subfield>
    <subfield code="b">.A36 1960</subfield>
  </datafield>
  <datafield tag="066" ind1=" " ind2=" ">
    <subfield code="c">(3</subfield>
  </datafield>
  <datafield tag="100" ind1="1" ind2=" ">
    <subfield code="6">880-01</subfield>
    <subfield code="a">A&#x1E25;mad&#x12B;, &#x2BB;Al&#x12B; ibn &#x1E24;usayn-&#x2BB;Al&#x12B;.</subfield>
  </datafield>
  <datafield tag="245" ind1="1" ind2="0">
    <subfield code="6">880-02</subfield>
    <subfield code="a">Kit&#x101;b mak&#x101;t&#x12B;b al-Ras&#x16B;l,</subfield>
    <subfield code="c">ta&#x2BC;l&#x12B;f &#x2BB;Al&#x12B; ibn &#x1E24;usayn-&#x2BB;Al&#x12B; al-A&#x1E25;mad&#x12B;.</subfield>
  </datafield>
  <datafield tag="260" ind1=" " ind2=" ">
    <subfield code="6">880-03</subfield>
    <subfield code="a">[Qumm]</subfield>
    <subfield code="b">Mu&#x1E25;ammad Mahd&#x12B; al-&#x1E24;ujjat&#x12B; wa-Qudrat al-Iskandar&#x12B;,</subfield>
    <subfield code="c">1379-&lt;[1963?]&gt; [1960-1963?]</subfield>
  </datafield>
  <datafield tag="300" ind1=" " ind2=" ">
    <subfield code="a">v. &lt;1-2   &gt;</subfield>
    <subfield code="b">facsims.</subfield>
    <subfield code="c">25 cm.</subfield>
  </datafield>
  <datafield tag="500" ind1=" " ind2=" ">
    <subfield code="a">Vol. 2   published by Maktabat al-Mu&#x1E63;&#x1E6D;afaw&#x12B;.</subfield>
  </datafield>
  <datafield tag="504" ind1=" " ind2=" ">
    <subfield code="a">Includes bibliographies.</subfield>
  </datafield>
  <datafield tag="600" ind1="0" ind2="0">
    <subfield code="6">880-04</subfield>
    <subfield code="a">Mu&#x1E25;ammad,</subfield>
    <subfield code="c">Prophet,</subfield>
    <subfield code="d">-632</subfield>
    <subfield code="x">Correspondence.</subfield>
  </datafield>
  <datafield tag="880" ind1="1" ind2=" ">
    <subfield code="6">100-01/(3/r</subfield>
    <subfield code="a">&#x623;&#x62D;&#x645;&#x62F;&#x64A;&#x60C; &#x639;&#x644;&#x64A; &#x628;&#x646; &#x62D;&#x633;&#x64A;&#x646;&#x639;&#x644;&#x64A;.</subfield>
  </datafield>
  <datafield tag="880" ind1="1" ind2="0">
    <subfield code="6">245-02/(3/r</subfield>
    <subfield code="a">&#x643;&#x62A;&#x627;&#x628; &#x645;&#x643;&#x627;&#x62A;&#x64A;&#x628; &#x627;&#x644;&#x631;&#x633;&#x648;&#x644;&#x60C;</subfield>
    <subfield code="c">&#x62A;&#x623;&#x644;&#x64A;&#x641; &#x639;&#x644;&#x64A; &#x628;&#x646; &#x62D;&#x633;&#x64A;&#x646;&#x639;&#x644;&#x64A; &#x627;&#x644;&#x623;&#x62D;&#x645;&#x62F;&#x64A;.</subfield>
  </datafield>
  <datafield tag="880" ind1=" " ind2=" ">
    <subfield code="6">260-03/(3/r</subfield>
    <subfield code="a">[&#x642;&#x645;]</subfield>
    <subfield code="b">&#x645;&#x62D;&#x645;&#x62F; &#x645;&#x647;&#x62F;&#x64A; &#x627;&#x644;&#x62D;&#x62C;&#x62A;&#x64A; &#x648;&#x642;&#x62F;&#x631;&#x62A; &#x627;&#x644;&#x627;&#x633;&#x643;&#x646;&#x62F;&#x631;&#x64A;&#x60C;</subfield>
    <subfield code="c">[1379-[1382?] [1960-1963?]</subfield>
  </datafield>
  <datafield tag="880" ind1="0" ind2="4">
    <subfield code="6">600-04/(3/r</subfield>
    <subfield code="a">&#x645;&#x62D;&#x645;&#x62F;.</subfield>
  </datafield>
  <datafield tag="999" ind1=" " ind2=" ">
    <subfield code="c">50570</subfield>
    <subfield code="d">50570</subfield>
  </datafield>
</record>
